| 000 | 01369nam a22002657a 4500 | ||
|---|---|---|---|
| 003 | 0 | ||
| 005 | 20251020150819.0 | ||
| 008 | 251020b xxu||||| |||| 00| 0 eng d | ||
| 020 | _a978-0-525-57658-7 | ||
| 050 |
_aJK 2356 _b.P48 2022 |
||
| 100 |
_aPeters, Jeremy W., _eauthor. |
||
| 245 |
_aInsurgency : _bhow Republicans lost their party and got everything they ever wanted / _cJeremy W. Peters. |
||
| 260 |
_aNew York : _bCrown, _c2022. |
||
| 300 |
_axxviii, 400 pages ; _c24 cm. |
||
| 500 | _a"A chronicle of the Republican Party's transformation in the 21st century, examining the internal struggles, populist movements, and political shifts that reshaped American conservatism." | ||
| 504 | _aIncludes bibliographical references and index. | ||
| 520 | _aExplores how the Republican Party evolved from traditional conservatism to the populist, nationalist movement that defined the Trump era, based on extensive reporting and interviews. | ||
| 610 |
_aRepublican Party (U.S. : 1854- ) _xHistory _y21st century. |
||
| 650 |
_aConservatism _zUnited States _xHistory _y21st century. |
||
| 650 |
_aPolitical parties$zUnited States$xHistory$y21st century. _zUnited States _xHistory _y21st century. |
||
| 650 |
_aPopulism _zUnited States. |
||
| 650 |
_aUnited States _xPolitics and government _y21st century. |
||
| 710 |
_aCrown (Firm), _epublisher. |
||
| 942 |
_2lcc _cBK |
||
| 999 |
_c368297 _d368297 |
||